A gyakorlati filozófia két kiindulópontja akarat (Arendt) versus medialitás (Gadamer) /

Elmentve itt :
Bibliográfiai részletek
Szerző: Nyírő Miklós
Testületi szerző: Lábjegyzetek Platónhoz: Az akarat (2010) (Szeged)
Dokumentumtípus: Könyv része
Megjelent: 2011
Sorozat:Lábjegyzetek Platónhoz 9
Az akarat 9
Kulcsszavak:Hannah Arendt, Hans-Georg Gadamer, Akarat - filozófia, Értelem, Hermeneutika, Filozófia - német - 20. sz. - életmű
Tárgyszavak:
Online Access:http://acta.bibl.u-szeged.hu/49220
LEADER 00980naa a2200241 i 4500
001 acta49220
005 20220107114106.0
008 170803s2011 hu o 0|| hun d
020 |a 978 963 88812 1 2 
022 |a 1785 7082 
040 |a SZTE Egyetemi Kiadványok Repozitórium  |b hun 
041 |a hun 
100 1 |a Nyírő Miklós 
245 1 2 |a A gyakorlati filozófia két kiindulópontja  |h [elektronikus dokumentum] :  |b akarat (Arendt) versus medialitás (Gadamer) /  |c  Nyírő Miklós 
260 |c 2011 
300 |a 364-379 
490 0 |a Lábjegyzetek Platónhoz  |v 9 
490 0 |a Az akarat  |v 9 
650 4 |a Bölcsészettudományok 
650 4 |a Filozófia, etika és vallástudományok 
695 |a Hannah Arendt, Hans-Georg Gadamer, Akarat - filozófia, Értelem, Hermeneutika, Filozófia - német - 20. sz. - életmű 
710 |a Lábjegyzetek Platónhoz: Az akarat (2010) (Szeged) 
856 4 0 |u http://acta.bibl.u-szeged.hu/49220/1/platonhoz_009_364-379.pdf  |z Dokumentum-elérés